000 00754nam a2200157 a 4500
008 060713s2005 ||||||||||||||||| || u
050 _aUN-ECE(02)
110 _aUnited Nations Economic Commission for Europe (UNECE)
245 1 0 _aUNECE industrial accident notification system : convention on the transboundary effects of industrial accidents
_cby United Nations Economic Commission for Europe (UN-ECE)
260 _aNew York :
_bUNITED NATIONS
_c2005
300 _aiii, 35p. : ill.
350 _a0.00
650 _aINDUSTRY
650 _aINDUSTRIA ACCIDENTS--TREATIES--EUROPE
995 _D0.00
_FCBU-MAIN LIBRARY (Kitwe)
_H1
_I0.00
_M1
_UAVAILABLE
_WJul 13, 2006
_ZInternational Publications
999 _c60768
_d60768